MARC

LEADER 00000nam0a2200000 4500
001 291177
005 20231102000348.0
035 |a (RuTPU)RU\TPU\book\315742 
090 |a 291177 
100 |a 20150413d1977 k y0rusy50 ca 
101 0 |a rus 
102 |a RU 
105 |a y z 001zy 
200 1 |a Экономический анализ проектных вариантов новой техники (Проблемы теории и практики)  |f В. С. Баландин 
210 |a Саратов  |c Изд-во Саратовского ун-та  |d 1977 
215 |a 220 с. 
320 |a Библиогр.: с. 213-218. 
606 1 |a Конструирование  |x Технико-экономические показатели  |2 stltpush  |3 (RuTPU)RU\TPU\subj\15400  |9 41642 
610 1 |a экономический анализ 
610 1 |a техника 
610 1 |a новая техника 
610 1 |a проектные параметры 
610 1 |a теория 
610 1 |a системный анализ 
610 1 |a математическое моделирование 
675 |a 621.001.6  |v 3 
700 1 |a Баландин  |b В. С.  |g Виктор Сергеевич 
801 1 |a RU  |b 63413507  |c 20150413 
801 2 |a RU  |b 63413507  |c 20220201  |g RCR 
942 |c BK